These foolisch things.

Účastník začiatkov disciplíny štatistického riadenia akosti v USA upozorňuje na niekoľko jednoduchých pravidiel pri hľadaní akosti, ktoré môžu ušetriť čas a vylúčiť nákladné metódy, či mylné rozhodnutia.

Gespeichert in:
Bibliographische Detailangaben
1. Verfasser: Hill, D.
Format: Buchkapitel
Sprache:Englisch
Schlagworte:
Tags: Tag hinzufügen
Keine Tags, Fügen Sie das erste Tag hinzu!

MARC

LEADER 00000naa a2200000 4500
001 r009331
005 20220913122633.6
041 0 |a eng 
044 |a US 
245 1 0 |a These foolisch things.  |c D. Hill 
520 |a Účastník začiatkov disciplíny štatistického riadenia akosti v USA upozorňuje na niekoľko jednoduchých pravidiel pri hľadaní akosti, ktoré môžu ušetriť čas a vylúčiť nákladné metódy, či mylné rozhodnutia. 
610 2 0 |a štatistika 
610 2 0 |a riadenie kvality 
610 2 0 |a nástroje riadenia 
610 2 0 |a USA 
100 1 |a Hill, D.